El libro del fantasma.

Sábháilte in:
Sonraí bibleagrafaíochta
Príomhchruthaitheoir: Dolina, Alejandro (autor)
Rannpháirtithe: Nine, Carlos (ilustraciones)
Formáid: LEABHAR
Foilsithe / Cruthaithe: Buenos Aires, Argentina: Ediciones Colihue, 1999.
Eagrán:1ª edición.
Ábhair:
Clibeanna: Cuir clib leis
Níl clibeanna ann, Bí ar an gcéad duine le clib a chur leis an taifead seo!

MARC

LEADER 00000nam a22000007a 4500
003 CL-VaPUC
005 20230726105600.0
008 230710t1999 ||||| |||| 00| 0 eng d
999 |c 441333  |d 441331 
020 |a 950-581-694-4 
040 |c Pontificia Universidad Católica de Valparaíso 
082 |2 22  |a 863.64 DOL 1999 
100 1 |a Dolina, Alejandro  |e autor  |9 883628 
245 |a El libro del fantasma. 
250 |a 1ª edición.  |b Edición ilustrada. 
260 |a Buenos Aires, Argentina:  |b Ediciones Colihue,  |c 1999. 
300 |a 216 páginas. 
500 |a c.1 Donación ex alumno Alvaro Muñoz PUCV. Memo Donación EDU. 
583 |c 20230710  |k Catalogador Asistente 
650 0 |9 320596  |a Literatura argentina  |x Historias de fantasmas  
650 0 |9 320596  |a Literatura argentina  |x Cuentos infantiles   |x Fantasmas  
700 |a Nine, Carlos  |e ilustraciones  |9 883629 
942 |2 ddc  |c BK 
952 |0 0  |1 0  |2 ddc  |4 0  |6 AR_863_640000000000000_DOL_1999  |7 0  |8 A  |9 590699  |a BIBEDU  |b BIBEDU  |c GEN  |d 2023-07-10  |e Donación  |i 5657902  |o Ar863.64 DOL 1999  |p 5657902  |r 2023-07-10  |t 1  |w 2023-07-10  |y BK  |k LIT